Les 20 villes les plus peuplées de la Guadeloupe (971) - Statistiques

Statistiques générales
  • Ce quiz a été pris 54 fois
  • Le résultat moyen est 12 sur 20
Statistiques - réponses
HINT HINT ANSWER % Correct
51,760 L Les Abymes
83%
14,855 P Pointe-à-Pitre
83%
24,415 S Sainte-Anne
83%
9,419 B Basse-Terre
76%
27,205 L Le Gosier
76%
30,943 B Baie-Mahault
73%
22,924 L Le Moule
73%
15,839 M Morne-à-l'Eau
63%
13,249 S Saint-François
63%
17,494 S Sainte-Rose
61%
18,437 L Lamentin
59%
24,299 P Petit-Bourg
59%
17,882 C Capesterre-Belle-Eau
49%
6,381 B Bouillante
46%
7,640 G Goyave
41%
8,206 P Petit-Canal
41%
7,040 V Vieux-Habitants
41%
7,519 T Trois-Rivières
39%
10,432 S Saint-Claude
32%
7,378 G Gourbeyre
20%
Aucun quiz correspondant
Distribution des résultats
% des personnes avec chaque résultat
Percentile par nombre de réponses
Votre historique - résultats
Vous n’avez pas pris ce quiz